| 000 | 00553nam a22001697a 4500 | ||
|---|---|---|---|
| 005 | 20251108164307.0 | ||
| 008 | 250721s1994 xx 000 0 ara d | ||
| 082 | 1 | 4 | _a796.33/وحش |
| 100 | 1 | _aالوحش، محمد عبده صالح | |
| 245 | 1 | 0 | _aأساسيات كرة القدم / |
| 264 | 1 |
_aالقاهره : _bدار عالم المعرفه - مؤسسة مختار للنشر و التوزيع، _c1994. |
|
| 300 | _a271ص | ||
| 650 | 1 | 7 | _aكرة القدم |
| 700 | 1 | _aمحمد، مفتي إبراهيم | |
| 942 |
_2ddc _cBK |
||
| 999 |
_c8577 _d8577 |
||